Central Library OPAC University of Rajshahi

Sexual incompatibility in plants / (Record no. 12988)

MARC details
000 -LEADER
fixed length control field 00862cam a2200289 i 4500
001 - CONTROL NUMBER
control field 12988
003 - CONTROL NUMBER IDENTIFIER
rucl marc code BD-RjUL
005 - DATE AND TIME OF LATEST TRANSACTION
control field 20211208235403.0
008 - FIXED-LENGTH DATA ELEMENTS--GENERAL INFORMATION
fixed length control field 140130s1979 enka b 000 0 eng
020 ## - INTERNATIONAL STANDARD BOOK NUMBER
International Standard Book Number 0713127473
035 ## - SYSTEM CONTROL NUMBER
System control number (BD-RjUL)13038
040 ## - CATALOGING SOURCE
Original cataloging agency DLC
Transcribing agency DLC
Modifying agency DLC
-- BD-RjUL
Language of cataloging eng
041 ## - LANGUAGE CODE
Language code of text/sound track or separate title eng
082 00 - DEWEY DECIMAL CLASSIFICATION NUMBER
Classification number 581.166
Author mark and year LES
100 1# - MAIN ENTRY--PERSONAL NAME
Personal name Lewis, D.
Fuller form of name (Dan),
Dates associated with a name 1910-2009.
9 (RLIN) 40480
245 10 - TITLE STATEMENT
Title Sexual incompatibility in plants /
Statement of responsibility, etc. D. Lewis.
260 ## - PUBLICATION, DISTRIBUTION, ETC. (IMPRINT)
Place of publication, distribution, etc. London :
Name of publisher, distributor, etc. E. Arnold,
Date of publication, distribution, etc. 1979.
300 ## - PHYSICAL DESCRIPTION
Pagination 59 p. :
Illustrations ill. ;
Size 22 cm.
490 1# - SERIES STATEMENT
Series statement The Institute of Biology's Studies in biology ; no. 110
504 ## - BIBLIOGRAPHY, ETC. NOTE
Bibliography, etc Bibliography: p. 59.
650 #0 - SUBJECT ADDED ENTRY--TOPICAL TERM
Topical term or geographic name as entry element Plants, Sex in.
9 (RLIN) 40472
830 #0 - SERIES ADDED ENTRY--UNIFORM TITLE
Volume number/sequential designation no. 110.
Uniform title Institute of Biology's studies in biology ;
942 ## - ADDED ENTRY ELEMENTS (KOHA)
Source of classification or shelving scheme Dewey Decimal Classification
Koha item type Books
Holdings
Lost status Source of classification or shelving scheme Damaged status Not for loan Collection code Permanent Location Current Location Shelving location Date acquired Source of acquisition Cost, normal purchase price Total Checkouts Full call number Date last seen Copy number Koha item type
  Dewey Decimal Classification   Not For Loan Non-fiction Central Library, University of Rajshahi Central Library, University of Rajshahi Reading Room 12/05/1983 Heffer 2.25   581.166 LES 1979 30/01/2014 C-1 Books